000 00751nam a2200217Ia 4500
003 GCL
008 140319s9999 xx 000 0 ara d
040 _aGCL /
_cGCL
082 0 4 _a152
_bع ا
100 1 _aعبدالفتاح محمد دويدار
245 1 0 _aالاساس البيولوجى والفيزيولوجى للشخصية (من المنظور السيكولوجى) /
_cعبدالفتاح محمد دويدار
300 _a407 ص
490 _a
650 0 4 _aعلم النفس الفسيولوجى
650 0 4 _aالجهاز العصبى
650 0 4 _aالجوانب النفسية
650 0 4 _aالعقل والجسد
650 0 4 _aالاحساس
650 0 4 _aالغدد الصماء - فسيولوجيا
942 _2ddc
_cBK
999 _c39104
_d39104